| 000 | 00417nam a2200157 i 4500 | ||
|---|---|---|---|
| 001 | 97716 | ||
| 003 | ES-MaACL | ||
| 007 | t| | ||
| 008 | 050715s1953 sp ||||1| spa d | ||
| 100 | 1 |
_aMarimón, Rafael. _976730 |
|
| 245 | 1 | 0 |
_aHistoria Sagrada / _cRafael Marimón. |
| 250 | _a4ª ed. | ||
| 260 |
_aBarcelona : _bSeix Barral, _c1953. |
||
| 300 |
_a316 p. : _bil. ; _c19 cm. |
||
| 852 |
_aES-MaACL _jC-8841 _bR.35750 |
||
| 999 |
_c97716 _d97716 |
||